[Event "Druzynowe Mistrzostw Polski Juniorow - II Liga"]
[Site "Wroclaw"]
[Date "1899-12-30"]
[Round "6.24"]
[White "Rzadkowska, Kaja"]
[Black "Borowik, Monika"]
[Result "1/2-1/2"]
[WhiteTitle "I"]
[BlackTitle "I"]
[WhiteElo "1216"]
[BlackElo "1380"]

1. d4 Nf6 2. Nf3 g6 3. g3 Bg7 4. Bg2 O-O 5. b3 d6 6. Bb2 Nc6 7. O-O Nd7 8. c4 e5
9. dxe5 Ndxe5 10. Qd2 Nxf3+ 11. Bxf3 Ne5 12. Bg2 Re8 13. Nc3 Rb8 14. Rad1 Bg4
15. Rfe1 Qd7 16. Nd5 c6 17. Nc3 Rbd8 18. f4 Bh6 19. Ne4 Qe7 20. Qc3 f5 21. fxe5
fxe4 22. exd6 Qg7 23. Qxg7+ Bxg7 24. Bxg7 Kxg7 25. c5 Re5 26. Rc1 Be6 27. Red1
Bd5 28. e3 b6 29. b4 b5 30. a3 Kf7 31. Rf1+ Kg7 32. Ra1 g5 33. Rfc1 h5 1/2-1/2

[Event "Druzynowe Mistrzostw Polski Juniorow - II Liga"]
[Site "Wroclaw"]
[Date "1899-12-30"]
[Round "6.25"]
[White "Zabron, Maksym"]
[Black "Owoc, Jakub"]
[Result "1-0"]
[WhiteTitle "I++"]
[BlackTitle "I"]
[WhiteElo "1947"]
[BlackElo "1756"]

1. Nf3 Nf6 2. d4 d5 3. g3 c5 4. Bg2 Nc6 5. O-O cxd4 6. Nxd4 e5 7. Nxc6 bxc6 8.
c4 Be7 9. Nc3 Be6 10. Bg5 e4 11. Qa4 O-O 12. Qxc6 Rc8 13. Qa6 Rxc4 14. Rfd1 Qa8
15. Be3 Rb8 16. Qxa7 Qxa7 17. Bxa7 Rxb2 18. Bd4 Rc2 19. Nb5 Ra4 20. a3 h6 21.
e3 Ng4 22. Rf1 Bd7 23. Rab1 Ra5 24. Nc3 Bxa3 25. Rb8+ Kh7 26. Nxd5 Bf5 27. Nc3
Bb2 28. Nxe4 Bxd4 29. exd4 Raa2 30. Rb3 Be6 31. Rc3 f5 32. Rxc2 Rxc2 33. h3 Re2
34. Bf3 Rb2 35. Nc5 Bc4 36. hxg4 Bxf1 37. Kxf1 Rb4 38. Ne6 Kg6 39. gxf5+ Kxf5
40. Nxg7+ Kf6 41. Nh5+ Kf5 42. d5 Rb3 43. Kg2 Rd3 44. Nf4 Rd2 45. Ne2 Rd3 46.
g4+ Ke5 47. Ng3 Kf4 48. Ne2+ Ke5 49. Kg3 Rd1 50. Nf4 Rg1+ 51. Ng2 Ra1 52. Nh4
Rg1+ 53. Bg2 Rd1 54. f4+ Kf6 55. Be4 Rg1+ 56. Ng2 Ra1 57. Ne3 Ra4 58. Kf3 Ra1
59. Bf5 Ra6 60. Bd3 Ra1 61. Nf5 h5 62. gxh5 Rd1 63. Ke3 Rh1 64. h6 Rh3+ 65. Ke4
Rh1 66. Kd4 Kf7 67. h7 Kf6 68. Ng3 Rh4 69. Ne2 Rh6 70. Be4 Rh5 71. Nc3 Rh4 72.
Na4 Rh2 73. Nc5 Rd2+ 74. Na4 Rh2 75. Nc5 Rd2+ 1-0

[Event "Druzynowe Mistrzostw Polski Juniorow - II Liga"]
[Site "Wroclaw"]
[Date "1899-12-30"]
[Round "6.26"]
[White "Krupinski, Mikolaj"]
[Black "Pisarek, Jan"]
[Result "1/2-1/2"]
[WhiteTitle "I"]
[BlackTitle "I"]
[WhiteElo "1747"]
[BlackElo "1832"]

1. e4 c5 2. c3 d5 3. exd5 Qxd5 4. d4 e6 5. Nf3 Nf6 6. Bd3 Nc6 7. O-O cxd4 8. cxd4
Be7 9. Nc3 Qd8 10. Be3 O-O 11. Rc1 Nb4 12. Bb1 b6 13. Ne5 Bb7 14. f3 Rc8 15. a3
Nbd5 16. Nxd5 Qxd5 17. Qd3 Rfe8 18. Rfd1 g6 19. Bg5 Rxc1 20. Rxc1 Nd7 21. Bxe7
Nxe5 22. dxe5 Rxe7 23. Qxd5 Bxd5 24. Kf2 Rd7 25. Ke3 h5 26. h4 Kg7 27. Rc8 Bb7
28. Rc1 Bd5 29. Bd3 Bb7 30. Rc3 Kf8 31. g3 Bd5 32. Rc8+ Kg7 33. Rc3 Kf8 34. Rc8+
1/2-1/2

[Event "Druzynowe Mistrzostw Polski Juniorow - II Liga"]
[Site "Wroclaw"]
[Date "1899-12-30"]
[Round "6.27"]
[White "Duda, Leon"]
[Black "Piatek, Szymon"]
[Result "1-0"]
[WhiteTitle "I"]
[BlackTitle "II"]
[WhiteElo "1562"]
[BlackElo "1322"]

1. e4 d5 2. exd5 Qxd5 3. d4 Nc6 4. Be3 Bf5 5. Nc3 Qd6 6. Bd3 Bxd3 7. Qxd3 a6 8.
Nf3 Nf6 9. O-O O-O-O 10. Ng5 Ng4 11. Qf5+ Qd7 12. Qxd7+ Rxd7 13. Nxf7 Rg8 14.
h3 Nxe3 15. fxe3 h6 16. Ne4 e6 17. c3 Be7 18. Rf2 e5 19. Rf5 exd4 20. exd4 Rf8
21. Raf1 Bf6 22. Ne5 Re7 23. Nxf6 Rxf6 24. Rxf6 gxf6 25. Nxc6 bxc6 26. Rxf6 Re2
27. Rxc6 Rxb2 28. Rxa6 Rc2 29. Rc6 Rxa2 30. Rxh6 Rc2 31. Rc6 Kb7 32. Rc5 Kb6 33.
Kh2 c6 34. Kg3 Rb2 35. h4 Rb5 36. Rxb5+ cxb5 37. h5 1-0

[Event "Druzynowe Mistrzostw Polski Juniorow - II Liga"]
[Site "Wroclaw"]
[Date "1899-12-30"]
[Round "6.28"]
[White "Gruca, Karol"]
[Black "Hryniewicz, Maciej"]
[Result "1-0"]
[WhiteTitle "II"]
[BlackTitle "II"]
[WhiteElo "1346"]
[BlackElo "1217"]

1. e4 c5 2. Nf3 Nc6 3. d4 cxd4 4. Nxd4 Nf6 5. Nc3 e5 6. Ndb5 d6 7. Bg5 a6 8. Na3
b5 9. Nd5 Be7 10. Bxf6 Bxf6 11. c3 O-O 12. Nc2 Bg5 13. Be2 f5 14. Bf3 Kh8 15.
Qd3 f4 16. O-O Ne7 17. Rfd1 Be6 18. Ncb4 Nxd5 19. Nxd5 Bxd5 20. Qxd5 Rf6 21. a4
Rb8 22. b4 Bh4 23. axb5 Rxb5 24. Qc4 Qa8 25. Qxb5 Bxf2+ 26. Kxf2 Qa7+ 27. Kf1
1-0

[Event "Druzynowe Mistrzostw Polski Juniorow - II Liga"]
[Site "Wroclaw"]
[Date "1899-12-30"]
[Round "6.29"]
[White "Pisarek, Elzbieta"]
[Black "Szopa, Emilia"]
[Result "1-0"]
[WhiteTitle "I++"]
[BlackTitle "I++"]
[WhiteElo "1804"]
[BlackElo "1816"]

1. e4 c5 2. Nf3 d6 3. Bb5+ Bd7 4. Bxd7+ Nxd7 5. O-O g6 6. c3 Ngf6 7. Re1 Bg7 8.
d4 O-O 9. e5 dxe5 10. dxe5 Ng4 11. e6 fxe6 12. Ng5 Nxf2 13. Qe2 Ne5 14. Nxe6 Qd5
15. Nxf8 Nh3+ 16. Kh1 Rxf8 17. c4 Qc6 18. Be3 h5 19. Nc3 Ng4 20. Rf1 Rxf1+ 21.
Rxf1 Bxc3 22. bxc3 Qe4 23. Qf3 Qxf3 24. Rxf3 Nxe3 25. Rxe3 Nf2+ 26. Kg1 Nd1 27.
Rxe7 Nxc3 28. Rxb7 a5 29. a3 Ne4 30. Rb5 a4 31. Ra5 Nc3 32. Rxc5 Nb1 33. Ra5 Nxa3
34. Rxa4 Nc2 35. c5 Ne3 36. c6 Nd5 37. Rd4 Nc3 1-0

[Event "Druzynowe Mistrzostw Polski Juniorow - II Liga"]
[Site "Wroclaw"]
[Date "1899-12-30"]
[Round "6.30"]
[White "Pajak, Patrycja"]
[Black "Gajda, Anna"]
[Result "1-0"]
[WhiteTitle "I"]
[BlackTitle "II"]
[WhiteElo "1078"]
[BlackElo "1073"]

1. d4 e6 2. c4 b6 3. Nc3 Bb4 4. Bf4 Bb7 5. Qc2 d6 6. Qa4+ Nc6 7. d5 Bxc3+ 8. bxc3
exd5 9. cxd5 Qd7 10. dxc6 Bxc6 11. Qd4 f6 12. Nf3 Ne7 13. g3 O-O 14. Bg2 Kh8 15.
O-O Rae8 16. Rfe1 Nd5 17. Bd2 Ne7 18. Qb4 Rf7 19. Nd4 Bxg2 20. Kxg2 c5 21. Qb5
Qb7+ 22. Nf3 Rff8 23. Kg1 d5 24. Be3 Qc8 25. Kg2 Nf5 26. Bf4 Qb7 27. Qd3 Ne7 28.
Rab1 d4 29. Bd6 dxc3 30. Qxc3 Qc6 31. Bxe7 Rxe7 32. Kg1 Rfe8 33. Rb2 b5 34. Nd4
Qd5 35. Nxb5 a6 36. Na3 h6 37. Nc4 Re6 38. Ne3 Qc6 39. Reb1 Qc7 40. Rb7 Qd6 41.
Nf5 1-0

[Event "Druzynowe Mistrzostw Polski Juniorow - II Liga"]
[Site "Wroclaw"]
[Date "1899-12-30"]
[Round "6.31"]
[White "Maciaszek, Karol"]
[Black "Malinowski, Szymon"]
[Result "0-1"]
[WhiteTitle "I"]
[BlackTitle "I"]
[WhiteElo "1695"]
[BlackElo "1824"]

1. e4 c6 2. d4 d5 3. Nc3 dxe4 4. Nxe4 Bf5 5. Ng3 Bg6 6. N1e2 e6 7. Nf4 Bd6 8. c3
Qc7 9. Qf3 Ne7 10. Ne4 Bxe4 11. Qxe4 Nd7 12. Bd2 Nf6 13. Qf3 O-O 14. Bd3 c5 15.
dxc5 Bxc5 16. O-O Rad8 17. Rad1 Nc6 18. Bb1 Ne5 19. Qh3 Rd7 20. Nh5 Nxh5 21. Qxh5
Ng6 22. Bc1 Rfd8 23. Rxd7 Rxd7 24. g3 Rd5 25. Qf3 f5 26. Bc2 Qc6 27. Bb3 Re5 28.
Qxc6 bxc6 29. Bc4 Kf7 30. b4 Bb6 31. Kg2 f4 32. gxf4 Rf5 33. Re1 Rf6 34. Bb3 c5
35. Re4 cxb4 36. f5 Nf8 37. fxe6+ Nxe6 38. Bxe6+ Rxe6 39. Rxe6 Kxe6 40. cxb4 Bd4
41. Be3 Kd5 42. Bxd4 Kxd4 43. f4 Kc4 44. a3 Kb3 45. f5 Kxa3 46. h4 Kxb4 47. Kf3
a5 48. Ke4 a4 49. h5 h6 50. f6 gxf6 51. Kf5 a3 52. Kxf6 a2 53. Kg6 a1=Q 54. Kxh6
Qh8+ 0-1

[Event "Druzynowe Mistrzostw Polski Juniorow - II Liga"]
[Site "Wroclaw"]
[Date "1899-12-30"]
[Round "6.32"]
[White "Trzebinski, Patryk"]
[Black "Kucharski, Sylwester"]
[Result "1-0"]
[WhiteTitle "I++"]
[BlackTitle "I"]
[WhiteElo "1782"]
[BlackElo "1441"]

1. e4 c5 2. Nf3 a6 3. c4 Nc6 4. d4 cxd4 5. Nxd4 Nf6 6. Nc3 e5 7. Nc2 Bc5 8. Be2
Nd4 9. O-O h6 10. Be3 Ne6 11. b4 Bxe3 12. Nxe3 Nd4 13. Nc2 Ne6 14. Qd6 Qc7 15.
Rfd1 Qxd6 16. Rxd6 Ke7 17. c5 Nf4 18. Bc4 b5 19. Nd5+ N4xd5 20. Bxd5 Rb8 21. Ne3
g6 22. Rc1 Rf8 23. g3 Bb7 24. Bxb7 Rxb7 25. Rxa6 Rc8 26. f3 h5 27. Rd1 Ne8 28.
Nd5+ Kf8 29. Nb6 Rcc7 30. Ra5 Ra7 31. Rxb5 Nf6 32. a4 1-0

[Event "Druzynowe Mistrzostw Polski Juniorow - II Liga"]
[Site "Wroclaw"]
[Date "1899-12-30"]
[Round "6.33"]
[White "Rajlich, Vaclav"]
[Black "Wons, Krystian"]
[Result "1-0"]
[WhiteTitle "II"]
[BlackTitle "II"]
[WhiteElo "1326"]
[BlackElo "1138"]

1. e4 e6 2. d4 d5 3. Nd2 dxe4 4. Nxe4 Nf6 5. Bg5 Nbd7 6. Bd3 c6 7. Nf3 Be7 8. h4
h6 9. Bf4 Nxe4 10. Bxe4 Nf6 11. Qe2 Nd5 12. Bg3 Bb4+ 13. Kf1 Bd6 14. Ne5 O-O 15.
c4 Nf6 16. Bc2 Nd7 17. Qd3 Nf6 18. Bh2 c5 19. g4 Bxe5 20. Bxe5 g6 21. g5 Ng4 22.
Bg3 Qxd4 23. Qe2 h5 24. Rd1 Qxb2 25. Rd2 Qc3 26. Rd3 Qxc4 27. f3 e5 28. Bb3 Qa6
29. Rc3 Qxe2+ 30. Kxe2 b6 31. Bd5 Rb8 32. fxg4 Bxg4+ 33. Ke3 Rbd8 34. Bc4 e4 35.
Rf1 Bf5 36. Kf4 Rd4 37. Bf2 Rd2 38. Be3 Rg2 39. Ke5 Re8+ 40. Kd6 Rg3 41. Rg1 Rh3
42. Rf1 Rxh4 43. Rxf5 gxf5 44. g6 Re6+ 45. Bxe6 fxe6 46. Kxe6 f4 47. Bxc5 bxc5
48. Rxc5 Kg7 49. Kf5 Rg4 50. Rc7+ Kf8 51. Kf6 Rxg6+ 52. Kxg6 f3 53. Rf7+ Ke8 54.
Rf4 1-0

[Event "Druzynowe Mistrzostw Polski Juniorow - II Liga"]
[Site "Wroclaw"]
[Date "1899-12-30"]
[Round "6.34"]
[White "Zalewski, Witold"]
[Black "Bombinski, Michal"]
[Result "1-0"]
[WhiteTitle "II"]
[BlackTitle "II"]
[WhiteElo "1231"]
[BlackElo "1168"]

1. e4 d5 2. exd5 Qxd5 3. d4 Nf6 4. Nf3 Bf5 5. c4 Qd8 6. Nc3 e6 7. Be2 c6 8. O-O
Nbd7 9. Bf4 Be7 10. Re1 O-O 11. Nh4 Bg6 12. Nxg6 hxg6 13. Qc2 Ne8 14. Rad1 g5
15. Bc1 g6 16. b3 Qc7 17. Ne4 Qd8 18. Qd2 a5 19. a3 Kg7 20. Nxg5 Bxg5 21. Qxg5
Qxg5 22. Bxg5 Nef6 23. Bf3 Rh8 24. d5 cxd5 25. cxd5 exd5 26. Bxd5 Nxd5 27. Rxd5
Rhe8 28. Rxe8 Rxe8 29. f3 Ne5 30. Bd2 Kf6 31. Bc3 Kf5 32. Kf2 f6 33. Rxa5 Rc8
34. Bxe5 fxe5 35. Kg3 b6 36. Rb5 Rc6 37. a4 Rd6 38. b4 Rc6 39. a5 bxa5 40. Rxa5
Rb6 41. f4 Rxb4 42. Rxe5+ Kf6 43. h4 Rb3+ 44. Kg4 Rb2 45. g3 Rb4 46. h5 gxh5+
47. Rxh5 Rb3 48. Rh6+ Kg7 49. Re6 Kf7 50. f5 Rb4+ 51. Kg5 Rb5 52. g4 Rc5 53. Ra6
Rc7 54. Rh6 Kf8 55. f6 Rc5+ 56. Kg6 Ke8 57. Rh8+ 1-0

[Event "Druzynowe Mistrzostw Polski Juniorow - II Liga"]
[Site "Wroclaw"]
[Date "1899-12-30"]
[Round "6.35"]
[White "Kicinska, Magdalena"]
[Black "Skolska, Emilia"]
[Result "1-0"]
[WhiteTitle "I++"]
[BlackTitle "I++"]
[WhiteElo "1440"]
[BlackElo "1517"]

1. d4 c5 2. d5 e6 3. c4 d6 4. Nc3 Nf6 5. e4 Be7 6. Nf3 O-O 7. Bd3 Ne8 8. O-O f5
9. dxe6 Bxe6 10. exf5 Bxf5 11. Bxf5 Rxf5 12. Nd5 Bf8 13. Qd3 Qd7 14. h3 h6 15.
Kh2 Nc6 16. g4 Rf7 17. g5 h5 18. g6 Rf6 19. Nxf6+ Nxf6 20. a3 Re8 21. Bg5 Ne5
22. Nxe5 Rxe5 23. Bxf6 gxf6 24. Rae1 Bh6 25. Rxe5 Bf4+ 26. Kg2 fxe5 27. Rd1 Qc6+
28. Qd5+ Qxd5+ 29. Rxd5 Bc1 30. Rxd6 Bxb2 31. a4 1-0

[Event "Druzynowe Mistrzostw Polski Juniorow - II Liga"]
[Site "Wroclaw"]
[Date "1899-12-30"]
[Round "6.36"]
[White "Kaczmarek, Paulina"]
[Black "Kicinska, Anna"]
[Result "1-0"]
[WhiteTitle "I"]
[BlackTitle "I+"]
[WhiteElo "1092"]
[BlackElo "1297"]

1. e4 c5 2. Nf3 d6 3. d4 cxd4 4. Nxd4 Nf6 5. Nc3 g6 6. Be3 Bg7 7. f3 Nc6 8. Bc4
O-O 9. Qd2 Bd7 10. O-O-O a6 11. g4 Ne5 12. Bb3 b5 13. Nd5 Nc4 14. Nxf6+ Bxf6 15.
Bxc4 bxc4 16. h4 Rb8 17. h5 Qb6 18. c3 Qa5 19. a3 Rb7 20. hxg6 fxg6 21. Qh2 Rf7
22. Ne2 Rb3 23. g5 Bxc3 24. Nxc3 Rxc3+ 25. bxc3 Qxc3+ 26. Qc2 Qxe3+ 27. Kb2 Be6
28. Rhf1 Rxf3 29. Rxf3 Qxf3 30. e5 d5 31. Re1 d4 32. a4 d3 33. Qd2 Qb7+ 34. Kc3
a5 35. Qb2 Qxb2+ 36. Kxb2 Kg7 37. Kc3 Bg4 38. Re4 Be6 39. Rh4 Bd5 40. Rd4 Be6
41. Rh4 h5 42. gxh6+ Kh7 43. Rh1 g5 44. Kd2 g4 45. Rh5 Bd7 46. e6 Bxe6 47. Rxa5
Bc8 48. Rc5 Ba6 49. Rc6 g3 50. Re6 g2 51. Rxe7+ Kxh6 52. Re1 Kg6 53. Rg1 Bb7 54.
Kc3 Bf3 55. a5 Kg5 56. a6 Kf4 57. a7 Ke3 58. Rb1 Bd5 59. Rd1 1-0

[Event "Druzynowe Mistrzostw Polski Juniorow - II Liga"]
[Site "Wroclaw"]
[Date "1899-12-30"]
[Round "6.37"]
[White "Wnek, Filip"]
[Black "Lichorad, Mateusz"]
[Result "1-0"]
[WhiteTitle "I++"]
[BlackTitle "I+"]
[WhiteElo "2032"]
[BlackElo "1983"]

1. e4 c5 2. Nf3 d6 3. d4 cxd4 4. Nxd4 Nf6 5. Nc3 a6 6. Qf3 Qc7 7. h3 e6 8. g4 b5
9. a3 Bb7 10. g5 Nfd7 11. Be3 Ne5 12. Qg3 Nc4 13. Bxc4 Qxc4 14. O-O-O Nd7 15.
Nb3 Qc7 16. Rhe1 O-O-O 17. f4 Be7 18. Bd4 Rhg8 19. h4 Nc5 20. h5 Nxb3+ 21. cxb3
Kb8 22. Kb1 Ka8 23. Qg4 g6 24. hxg6 hxg6 25. Rc1 Qd7 26. Red1 Rc8 27. Nd5 Rxc1+
28. Rxc1 Bd8 29. Ka1 Re8 30. Qh3 Kb8 31. Bf2 Bc8 32. Nb4 Qb7 33. Rc6 Qa8 34. Qd3
Bc7 35. Bb6 Re7 36. Bxc7+ Rxc7 37. Qd4 d5 38. Qxd5 Qa7 39. Qd6 1-0

[Event "Druzynowe Mistrzostw Polski Juniorow - II Liga"]
[Site "Wroclaw"]
[Date "1899-12-30"]
[Round "6.38"]
[White "Mosny, Kamil"]
[Black "Rainer, Piotr"]
[Result "1/2-1/2"]
[WhiteTitle "I"]
[BlackTitle "I"]
[WhiteElo "1730"]
[BlackElo "1709"]

1. d4 d5 2. c4 e6 3. Nc3 Nf6 4. cxd5 exd5 5. Bg5 c6 6. e3 Bd6 7. Bd3 O-O 8. Qc2
h6 9. Bh4 Nbd7 10. Nge2 b6 11. f3 Bb7 12. O-O c5 13. Rad1 Qe8 14. Bf2 Rc8 15.
Qb1 a6 16. a4 Nb8 17. g4 Nc6 18. Ng3 g6 19. Qc1 Nb4 20. Bb1 Bc6 21. a5 cxd4 22.
exd4 Kg7 23. g5 Ng8 24. gxh6+ Kh7 25. Rfe1 Qd8 26. f4 f5 27. axb6 Ba4 28. b7 Rc7
29. b8=Q Qxb8 30. Re6 Bxd1 31. Rxd6 Bf3 32. Qe3 Be4 33. Bxe4 dxe4 34. d5 Rff7
35. Rb6 Rb7 36. Re6 Nd3 37. Ncxe4 fxe4 38. Nxe4 Nxf4 39. Ng5+ Kxh6 40. Nxf7+ Rxf7
41. Bg3 Kh7 42. Rxa6 Qc8 43. Ra7 Nh3+ 44. Kh1 Rxa7 45. Qxa7+ Kh6 46. Qe3+ g5 47.
Qe6+ Qxe6 48. dxe6 Kg6 49. b4 Kf6 50. b5 Ne7 51. b6 Nc6 52. b7 Nf4 53. h4 gxh4
54. Bxf4 Kxe6 55. b8=Q Nxb8 56. Bxb8 1/2-1/2

[Event "Druzynowe Mistrzostw Polski Juniorow - II Liga"]
[Site "Wroclaw"]
[Date "1899-12-30"]
[Round "6.39"]
[White "Micula, Jakub"]
[Black "Smolinski, Wojciech"]
[Result "1-0"]
[WhiteTitle "I"]
[BlackTitle "II"]
[WhiteElo "1623"]
[BlackElo "1278"]

1. e4 e6 2. d4 d5 3. Nd2 Nf6 4. e5 Nfd7 5. Ngf3 c5 6. c3 Nc6 7. Bd3 Qb6 8. O-O
cxd4 9. cxd4 Nxd4 10. Nxd4 Qxd4 11. Nf3 Qb6 12. Qc2 h6 13. a3 Be7 14. b4 O-O 15.
Be3 Qd8 16. Rfc1 Re8 17. Qd2 Bf8 18. Rc3 Nb6 19. Qc2 Bd7 20. b5 Rc8 21. Rxc8 Qxc8
22. Qb3 Qd8 23. Rc1 Qb8 24. a4 Rc8 25. Bc2 Nc4 26. Qd3 g6 27. Bf4 Rc7 28. h4 h5
29. Ng5 Be8 30. g4 hxg4 31. h5 Qc8 32. hxg6 fxg6 33. Bb3 Bf7 34. Qg3 Na5 35. Rxc7
Qxc7 36. Qh4 Be8 37. Bd1 Qe7 38. Bxg4 Bd7 39. Bd2 Nc4 40. Bb4 Qg7 41. Nxe6 Qh6
42. Qd8 Bxe6 43. Bxe6+ Kh7 44. Bxf8 Qc1+ 45. Kg2 Qd2 46. Qh4+ 1-0

[Event "Druzynowe Mistrzostw Polski Juniorow - II Liga"]
[Site "Wroclaw"]
[Date "1899-12-30"]
[Round "6.40"]
[White "Fronczek, Michal"]
[Black "Kozak, Karol"]
[Result "1/2-1/2"]
[WhiteTitle "III"]
[BlackTitle "I"]
[WhiteElo "1092"]
[BlackElo "1490"]

1. e4 c5 2. Nf3 d6 3. g3 g6 4. Bg2 Bg7 5. O-O Nc6 6. c3 e5 7. d3 Nge7 8. Be3 O-O
9. Nbd2 h6 10. Nb3 Be6 11. Nfd2 b6 12. f4 d5 13. fxe5 Nxe5 14. Nc1 Rc8 15. Bf2
Qd7 16. Nf3 dxe4 17. Nxe5 Bxe5 18. dxe4 Rfd8 19. Nb3 Qxd1 20. Rfxd1 Bg4 21. Rd2
Rxd2 22. Nxd2 Rd8 23. Be1 Nc6 24. Bf3 Bxf3 25. Nxf3 Bf6 26. Kf2 Kf8 27. Ke2 Ke7
28. Rd1 Rxd1 29. Kxd1 Ne5 30. Nxe5 Bxe5 31. Ke2 Ke6 32. Ke3 Bf6 33. Bd2 Bg5+ 34.
Ke2 Bxd2 35. Kxd2 Ke5 36. Ke3 b5 37. b3 a5 38. a4 c4 39. axb5 cxb3 40. Kd2 a4
41. Kc1 a3 42. b6 Kd6 43. c4 Kc6 44. c5 f6 45. g4 g5 46. h3 Kb7 47. Kb1 Ka6 48.
Ka1 Kb7 49. Kb1 Kc6 1/2-1/2

[Event "Druzynowe Mistrzostw Polski Juniorow - II Liga"]
[Site "Wroclaw"]
[Date "1899-12-30"]
[Round "6.41"]
[White "Gaczol, Julia"]
[Black "Trybus, Dominika"]
[Result "0-1"]
[WhiteTitle "I+"]
[BlackTitle "I++"]
[WhiteElo "1490"]
[BlackElo "1532"]

1. e4 Nf6 2. e5 Nd5 3. d4 d6 4. c4 Nb6 5. exd6 cxd6 6. Nc3 g6 7. Be3 Bg7 8. Rc1
O-O 9. Bd3 Na6 10. b3 Nc7 11. Nge2 d5 12. O-O Be6 13. c5 Nd7 14. Nf4 Nb8 15. Qf3
Nc6 16. Nfe2 Qd7 17. Qg3 Bg4 18. f3 Be6 19. Qf2 f6 20. f4 Bf7 21. Qh4 Rad8 22.
f5 e5 23. fxg6 Bxg6 24. Bxg6 hxg6 25. Rf3 e4 26. Rh3 Kf7 27. Nf4 Rh8 28. Qg3 Ne7
29. Rf1 Rxh3 30. Nxh3 Nf5 31. Qf2 Ne6 32. Ne2 Qb5 33. Nhf4 Nxe3 34. Qxe3 Qa6 35.
Nc3 Qc6 36. Nxe6 Kxe6 37. Qg3 Kf7 38. b4 f5 39. Ne2 Rd7 40. Qb3 Qb5 41. Re1 Qd3
42. Qb2 Qe3+ 43. Kf1 Bf6 44. Qc1 Bxd4 45. Nxd4 Qxd4 46. Qh6 Qg7 47. Qd2 d4 48.
b5 Rc7 49. Rc1 e3 50. Qd3 Qe5 51. Qc4+ Kg7 52. g3 Qe4 53. Rc2 Qh1+ 54. Ke2 Rd7
55. Qe6 d3+ 56. Kxe3 Qe1+ 0-1

[Event "Druzynowe Mistrzostw Polski Juniorow - II Liga"]
[Site "Wroclaw"]
[Date "1899-12-30"]
[Round "6.42"]
[White "Zylak, Emilia"]
[Black "Drozd, Gabriela"]
[Result "1-0"]
[WhiteTitle "III"]
[BlackTitle "I"]
[WhiteElo "1000"]
[BlackElo "1185"]

1. e4 c5 2. Nf3 d6 3. d4 cxd4 4. Nxd4 Nf6 5. Nc3 a6 6. Bg5 Nbd7 7. a4 e5 8. Nf3
Be7 9. Bc4 O-O 10. O-O Nc5 11. Re1 Be6 12. Ba2 Qd7 13. Bd5 Rab8 14. b4 Bxd5 15.
exd5 e4 16. Nd4 Nxd5 17. Nxd5 Bxg5 18. bxc5 dxc5 19. Ne2 Rfd8 20. Ne3 Qe6 21.
Qc1 Bf6 22. Rb1 Qa2 23. Ng4 Qxa4 24. Nxf6+ gxf6 25. Nc3 Qd4 26. Nxe4 f5 27. Qg5+
Qg7 28. Qxf5 c4 29. Nc5 Qc3 30. Qg5+ Kh8 31. Qe5+ Qxe5 32. Rxe5 Rd2 33. Rc1 Rbd8
34. Ree1 b5 35. Nxa6 R8d6 36. Nb4 Rf6 37. Rf1 h5 38. h3 c3 39. Rb1 Rf5 40. Rb3
Rc5 41. Re1 Rf5 42. Rf1 Rc5 43. f3 Kg7 44. Rbb1 Rc4 45. Rf2 Rdd4 46. Nd3 Rd5 47.
Re2 f6 48. Re7+ Kg6 49. Rb7 b4 50. R7xb4 Rxb4 51. Rxb4 Kg5 52. h4+ Kh6 53. Rc4
1-0

[Event "Druzynowe Mistrzostw Polski Juniorow - II Liga"]
[Site "Wroclaw"]
[Date "1899-12-30"]
[Round "6.43"]
[White "May, Jakub"]
[Black "Kotowicz, Kamil"]
[Result "0-1"]
[WhiteTitle "II"]
[BlackTitle "I"]
[WhiteElo "1271"]
[BlackElo "1770"]

1. e4 e6 2. Nf3 d5 3. Nc3 dxe4 4. Nxe4 Nd7 5. d4 Ngf6 6. Bd3 Be7 7. O-O O-O 8.
Re1 b6 9. c3 Bb7 10. Qc2 h6 11. h3 c5 12. Be3 Qc7 13. dxc5 bxc5 14. c4 Rfd8 15.
Rad1 Ne5 16. Nxf6+ Bxf6 17. Nxe5 Bxe5 18. b3 a5 19. Be4 Bxe4 20. Qxe4 Bc3 21.
Rf1 a4 22. Qg4 Kh8 23. Rxd8+ Rxd8 24. Rd1 axb3 25. axb3 Rb8 26. Rb1 e5 27. g3
Bd4 28. Qe4 Kg8 29. Qd3 Qe7 30. Qe4 Qd7 31. Kg2 f5 32. Qd3 Qc6+ 33. Kg1 Qf3 34.
Qd2 Qe4 35. Re1 Rxb3 36. Bxd4 Qxd4 37. Qxd4 exd4 38. Re5 d3 39. Rd5 Rc3 40. Kg2
Rxc4 41. Rxd3 Rd4 42. Ra3 Kf7 43. Ra7+ Kf6 44. Rc7 c4 45. Kf1 g5 46. Ke2 Re4+
47. Kd2 h5 48. f3 Rd4+ 49. Ke3 Rd3+ 50. Ke2 Rc3 51. h4 gxh4 52. gxh4 Ke5 53. Kd2
Rxf3 54. Rxc4 Rf4 55. Rc5+ Ke6 56. Rc6+ Kd5 57. Ra6 Rxh4 58. Ra5+ Ke6 59. Ra6+
Ke5 60. Ra5+ Kf4 61. Ke2 Rh2+ 62. Kf1 Rb2 63. Ra3 Kg4 64. Kg1 f4 65. Kh1 f3 66.
Ra1 Kg3 67. Rg1+ 0-1

[Event "Druzynowe Mistrzostw Polski Juniorow - II Liga"]
[Site "Wroclaw"]
[Date "1899-12-30"]
[Round "6.44"]
[White "Karut, Kacper"]
[Black "Rychlik, Michal"]
[Result "1-0"]
[WhiteTitle "I"]
[BlackTitle "II"]
[WhiteElo "1835"]
[BlackElo "1354"]

1. e4 c5 2. Nf3 d6 3. d4 cxd4 4. Nxd4 Nf6 5. Nc3 g6 6. Be3 Bg7 7. f3 O-O 8. Qd2
Nc6 9. g4 Be6 10. O-O-O Ne5 11. Nxe6 fxe6 12. Be2 Qa5 13. Kb1 Rfc8 14. Nd5 Qxd2
15. Nxf6+ Bxf6 16. Rxd2 b5 17. b3 Rab8 18. g5 Bg7 19. Bxa7 Ra8 20. Bd4 b4 21.
f4 Nc6 22. Bxg7 Kxg7 23. Bc4 Rf8 24. Rf1 Ra5 25. Bxe6 Rfa8 26. a4 bxa3 27. Bd5
Rc8 28. Bxc6 Rxc6 29. c4 Rc8 30. Ka2 h6 31. h4 Rb8 32. f5 hxg5 33. hxg5 Re5 34.
Rf4 gxf5 35. exf5 Re3 36. f6+ Kg6 37. fxe7 Rxe7 38. Rf6+ Kxg5 39. Rfxd6 Ra8 40.
c5 Ra5 41. b4 Ra4 42. b5 Rb7 43. b6 Rc4 44. R2d5+ Kf4 45. Rd4+ Rxd4 46. Rxd4+
Ke5 47. Rd8 1-0

[Event "Druzynowe Mistrzostw Polski Juniorow - II Liga"]
[Site "Wroclaw"]
[Date "1899-12-30"]
[Round "6.45"]
[White "Kolendo, Tymon"]
[Black "Pycinski, Wladyslaw"]
[Result "0-1"]
[WhiteTitle "III"]
[BlackTitle "I"]
[WhiteElo "1126"]
[BlackElo "1701"]

1. d4 d5 2. c4 e6 3. Nc3 c6 4. Nf3 dxc4 5. a4 Bb4 6. e3 b5 7. Bd2 a5 8. axb5 Bxc3
9. Bxc3 cxb5 10. b3 Bb7 11. Bb2 Nf6 12. bxc4 b4 13. Bd3 O-O 14. O-O Ne4 15. Qc2
f5 16. Rfc1 Nd7 17. Qb3 Ndc5 18. Qd1 Nxd3 19. Qxd3 a4 20. Rcb1 Nc5 21. Qd1 Nb3
22. Ra2 Be4 23. Rxa4 Rxa4 24. Qxb3 Bxb1 25. Qxa4 Qe7 26. Ne5 Qb7 27. f3 Rc8 28.
Qb3 Ra8 29. Bc3 Ba2 30. Qxb4 Qxb4 31. Bxb4 Ra4 32. Bd2 Bxc4 33. Nxc4 Rxc4 34.
f4 Rc2 35. Be1 Kf7 36. g3 Ke8 37. Bf2 Kd7 38. Kg2 Kc6 39. Kf3 Kd5 40. Bg1 Rc3
41. h3 Kc4 42. g4 g6 43. g5 Kd3 44. Bf2 Rc1 45. h4 Rf1 46. Kg2 Ke2 47. Bg1 Rxg1+
48. Kxg1 Kxe3 0-1

[Event "Druzynowe Mistrzostw Polski Juniorow - II Liga"]
[Site "Wroclaw"]
[Date "1899-12-30"]
[Round "6.47"]
[White "Lazniewska, Zofia"]
[Black "Tim, Anna"]
[Result "1-0"]
[WhiteTitle "I+"]
[BlackTitle "I"]
[WhiteElo "1561"]
[BlackElo "1159"]

1. e4 e6 2. d4 d5 3. Nd2 c5 4. exd5 exd5 5. Ngf3 Bd6 6. dxc5 Bxc5 7. Nb3 Bb6 8.
Bd3 h6 9. O-O Bg4 10. Re1+ Ne7 11. h3 Bh5 12. Re5 Bxf3 13. Qxf3 Nd7 14. Re1 O-O
15. c3 Nc5 16. Nxc5 Bxc5 17. Bc2 Qd6 18. Bf4 Qc6 19. Rad1 Rad8 20. b4 Bd6 21.
Bxd6 Qxd6 22. a3 b5 23. Qd3 Ng6 24. Qxb5 Rc8 25. Bxg6 fxg6 26. Qxd5+ Qxd5 27.
Rxd5 Rxc3 28. Ra5 Rf7 29. Re8+ Kh7 30. Re2 Rc1+ 31. Kh2 Rf1 32. f3 g5 33. Kg3
g6 34. Rae5 Ra1 35. Re7 Kg7 36. R7e3 h5 37. Rc3 Rd7 38. Rb2 Rb7 39. b5 Rd1 40.
a4 Rd4 41. Ra3 Rd5 42. Rab3 Rd6 43. Rb4 Kf7 44. Rc4 Ke7 45. Rbc2 Kd7 46. Rc6 Ke6
47. Rxd6+ Kxd6 48. Rc6+ Kd5 49. Rxg6 Kc4 50. Re6 Kb4 51. Re4+ Ka5 52. h4 gxh4+
53. Kxh4 Rg7 54. g4 hxg4 55. fxg4 Rh7+ 56. Kg5 Rg7+ 57. Kf6 1-0

[Event "Druzynowe Mistrzostw Polski Juniorow - II Liga"]
[Site "Wroclaw"]
[Date "1899-12-30"]
[Round "6.48"]
[White "Nieckarz, Maja"]
[Black "Michalska, Lena"]
[Result "1-0"]
[WhiteTitle "I"]
[BlackTitle "I"]
[WhiteElo "1432"]
[BlackElo "1324"]

1. e4 g6 2. d4 Bg7 3. Be3 c6 4. Qd2 d5 5. e5 h5 6. Bd3 Nh6 7. Ne2 Nd7 8. e6 Nf8
9. exf7+ Nxf7 10. Nf4 Qd6 11. Nc3 Bd7 12. O-O-O g5 13. Nfe2 g4 14. Na4 O-O-O 15.
Qa5 Kb8 16. Kb1 Bh6 1-0

[Event "Druzynowe Mistrzostw Polski Juniorow - II Liga"]
[Site "Wroclaw"]
[Date "1899-12-30"]
[Round "6.49"]
[White "Bauer, Marika"]
[Black "Paprocki, Antoni"]
[Result "0-1"]
[WhiteTitle "II"]
[BlackTitle "I++"]
[WhiteElo "1142"]
[BlackElo "1981"]

1. e4 c5 2. Nf3 d6 3. d4 cxd4 4. Nxd4 Nf6 5. Nc3 a6 6. f3 e5 7. Nb3 Be6 8. Be3
h5 9. Nd5 Bxd5 10. exd5 Nbd7 11. a4 Nb6 12. c4 Rc8 13. Nd2 a5 14. Qb3 Nbd7 15.
Qb5 Be7 16. Be2 O-O 17. Rb1 Nc5 18. Bxc5 dxc5 19. Qxb7 Rb8 20. Qa6 Qc7 21. Ne4
Nxe4 22. fxe4 Rfd8 23. Qc6 Qa7 0-1